000 00941cam a2200313Ii 4500
001 42004
005 20230410133002.0
008 770819s1974 sp a 000 0 spa d
035 _a(OCoLC)ocm03199994
040 _aTJC
_cTJC
_dOCLCQ
_dDRFGD
050 1 4 _aG346 I1974
020 _a842450089X
020 _a9788424500894
029 1 _aNLGGC
_b098520210
035 _a(OCoLC)3199994
050 1 4 _aB 840
_bG347i 1974
049 _aGRAL
100 1 _aGeorge, F. H.
_q(Frank Honywill),
_d1921-
245 1 0 _aIntroducción a la semántica /
_cF.H. George ; traducción: Rosario e Ignacio Alvárez Vara.
260 _aMadrid :
_bEditorial Fundamentos,
_c1974.
300 _a195 p. :
_bill. ;
_c20 cm.
490 0 _aColección ciencia ;
_v39
500 _aTranslation of Semantics.
504 _a"Lecturas recomendadas": p. [197].
650 0 _aSemantics (Philosophy)
942 _2lcc
_cbk
946 _acagreen
994 _aC0
_bDRFGD
999 _c91354
_d91354